书目信息 |
| 题名: |
立法后评估的理论与实践
|
|
| 作者: | 刘作翔 , 冉井富 主编 | |
| 分册: | ||
| 出版信息: | 北京 社会科学文献出版社 2013 |
|
| 页数: | 426页 | |
| 开本: | 24cm | |
| 丛书名: | ||
| 单 册: | ||
| 中图分类: | D920.0 | |
| 科图分类: | ||
| 主题词: | 立法--评估--研究--中国 , 立法 , 评估 | |
| 电子资源: | ||
| ISBN: | 978-7-5097-5342-2 | |
| 000 | 01330nam0 2200289 450 | |
| 001 | 523 | |
| 005 | 20140908080459.03 | |
| 010 | @a978-7-5097-5342-2@dCNY98.00 | |
| 100 | @a20140113d2013 em y0chiy50 ea | |
| 101 | 0 | @achi |
| 102 | @aCN@b110000 | |
| 105 | @ay z 000yy | |
| 106 | @ar | |
| 200 | 1 | @a立法后评估的理论与实践@ALi Fa Hou Ping Gu De Li Lun Yu Shi Jian@dThe theory and practice of ex post legislative evaluation@f刘作翔,冉井富主编@FLiu Zuo Xiang, Ran Jing Fu Zhu Bian@zeng |
| 210 | @a北京@c社会科学文献出版社@d2013 | |
| 215 | @a426页@d24cm | |
| 300 | @a中国社会科学院院级特殊学科“法社会学学科”系列研究成果 中国社会科学院创新工程项目“完善我国法律体系与立法效果评估”2013年度成果 | |
| 330 | @a本书面向近年来日益广泛开展的立法后评估工作实践,考察全国各个地方、各类机关开展同类工作的探索和创新经验,讨论立法后评估的职能定位、实施主体、启动条件、评价标准、评估方法等各种理论问题,借以深化对立法后评估的理论认识,推进立法后评估的常态化、规范化、制度化进程。 | |
| 510 | 1 | @aTheory and practice of ex post legislative evaluation@zeng |
| 606 | 0 | @a立法@x评估@x研究@y中国 |
| 606 | 0 | @a立法 |
| 606 | 0 | @a评估 |
| 690 | @aD920.0@v5 | |
| 701 | 0 | @a刘作翔@ALiu Zuo Xiang@f(1956~)@4主编 |
| 701 | 0 | @a冉井富@ARan Jing Fu@f(1972~)@4主编 |
| 801 | 0 | @aCN@bTANGWEI@c20140603 |
| 905 | @b0839389-91@dD920.0@e1046@f3 | |
| 立法后评估的理论与实践=The theory and practice of ex post legislative evaluation/刘作翔,冉井富主编.-北京:社会科学文献出版社,2013 |
| 426页;24cm |
| 中国社会科学院院级特殊学科“法社会学学科”系列研究成果 中国社会科学院创新工程项目“完善我国法律体系与立法效果评估”2013年度成果 |
| ISBN 978-7-5097-5342-2:CNY98.00 |
| 本书面向近年来日益广泛开展的立法后评估工作实践,考察全国各个地方、各类机关开展同类工作的探索和创新经验,讨论立法后评估的职能定位、实施主体、启动条件、评价标准、评估方法等各种理论问题,借以深化对立法后评估的理论认识,推进立法后评估的常态化、规范化、制度化进程。 |
| ● |
| 相关链接 |
|
|
|
|
正题名:立法后评估的理论与实践
索取号:D920.0/1046
 
预约/预借
| 序号 | 登录号 | 条形码 | 馆藏地/架位号 | 状态 | 备注 |
| 1 | 0839389 | 208393898 | 第一样本阅览室/ [索取号:D920.0/1046] | 在馆 | |
| 2 | 0839390 | 208393905 | 密集书库-史法系/ [索取号:D920.0/1046] | 在馆 | |
| 3 | 0839391 | 208393914 | 第一借阅区/ [索取号:D920.0/1046] | 在馆 |